000 00924nam a22003257a 4500
001 0002244
003 KOHA_MİRAKIL
005 20260207001308.0
007 ta
008 090223b2005 tu |||gr||||#||||0|tur |
020 _a9756392045
040 _aTR-BiSEU
_btur
_cTR-BiSEU
_erda
041 0 _atur
044 _ctu
050 _aTK7887.5
_b.P35 2005
100 1 _aPala, Zeydin.
245 1 _aBilgisayar donanımı/
_cZeydin Pala ; Zeydin Pala.
250 _a2. bs.
264 1 _aİstanbul :
_bTürkmen Kitabevi
_c2005
300 _a427 sayfa: resimli
336 _ametin
_btxt
_2rdacontent
337 _aaracısız
_bn
_2rdamedia
338 _acilt
_bnc
_2rdacarrier
490 1 _aYayın no ;
_v240.
490 1 _aBilgisayar dizisi ;
_v119.
650 0 _aBilgisayar giriş-çıkış donanımı.
_92742
830 1 _aYayın no ;
_v240.
_91619
830 1 _aBilgisayar dizisi ;
_v119.
_92723
942 _2lcc
_cBK
999 _c2231
_d2231